[Event "FIDE World Cup Women 2023"]
[Site "Baku AZE"]
[Date "2023.07.31"]
[Round "1.2"]
[White "Al Maamari, Wafia Darwish"]
[Black "Garifullina, Leya"]
[Result "1/2-1/2"]
[WhiteTitle "WFM"]
[BlackTitle "IM"]
[WhiteElo "1850"]
[BlackElo "2408"]
[WhiteFideId "9305734"]
[BlackFideId "34127035"]
[EventDate "2023.07.30"]
[EventType "k.o."]

1. Nf3 d5 2. c4 d4 3. b4 f6 4. Na3 e5 5. Nc2 c5 6. bxc5 Nc6 7. d3 Bxc5 8. g3
Nge7 9. Bg2 O-O 10. O-O Be6 11. Nd2 f5 12. Nb3 Bd6 13. Ba3 Bxa3 14. Nxa3 Ng6 15.
Nc5 Bc8 16. Qb3 Qc7 17. Nb5 Qe7 18. Na4 Kh8 19. c5 Be6 20. Qa3 e4 21. Nd6 Nge5
22. dxe4 f4 23. Nb2 Qg5 24. Nd3 fxg3 25. hxg3 Qh6 26. Qc1 g5 27. f3 Nxd3 28.
exd3 Ne5 29. Qd2 Rf6 30. Qb4 Qg7 31. Qxb7 Qxb7 32. Nxb7 Raf8 33. Nd6 Nxd3 34. c6
Ne5 35. c7 Bd7 36. Nf5 Bxf5 37. exf5 Rc8 38. Rac1 Rf7 39. Rc5 Nd7 40. Rc4 Nf6
41. Rd1 Rcxc7 42. Rdxd4 Rb7 43. Rd2 h5 44. Kf2 Kg7 45. Ra4 Rb5 46. Bh3 a5 47.
Rc2 Re7 48. Rac4 Reb7 49. Ke3 Re7+ 50. Kf2 Reb7 1/2-1/2

[Event "FIDE World Cup Women 2023"]
[Site "Baku AZE"]
[Date "2023.07.31"]
[Round "1.2"]
[White "Hoang, Thanh Trang"]
[Black "Abdi, Zineb Dina"]
[Result "1-0"]
[WhiteTitle "GM"]
[BlackTitle "WIM"]
[WhiteElo "2402"]
[BlackElo "1858"]
[WhiteFideId "12400149"]
[BlackFideId "7900880"]
[EventDate "2023.07.30"]
[EventType "k.o."]

1. d4 d5 2. c4 e6 3. Nf3 Nf6 4. g3 Be7 5. Bg2 O-O 6. O-O dxc4 7. Qc2 a6 8. a4
Nbd7 9. Rd1 c5 10. Nbd2 Nd5 11. Nxc4 Qc7 12. e4 Nb4 13. Qe2 cxd4 14. Nxd4 b6 15.
Bf4 Qd8 16. Rac1 Bc5 17. Nb3 Be7 18. Nd6 e5 19. Be3 Bxd6 20. Rxd6 Qe7 21. Qd2 a5
22. Rc7 Na6 23. Rcxd7 Bxd7 24. Rxd7 Qe6 25. Qd5 Qxd5 26. Rxd5 Rfd8 27. Rxd8+
Rxd8 28. Bf1 Rd1 29. Bxb6 Nb4 30. Bxa5 Nd3 31. Bc3 Rb1 32. a5 Nxb2 33. Nd2 Ra1
34. Bxb2 Rxa5 35. Nc4 1-0

[Event "FIDE World Cup Women 2023"]
[Site "Baku AZE"]
[Date "2023.07.31"]
[Round "1.2"]
[White "Noshin, Anjum"]
[Black "Socko, Monika"]
[Result "1/2-1/2"]
[WhiteTitle "WFM"]
[BlackTitle "GM"]
[WhiteElo "1944"]
[BlackElo "2401"]
[WhiteFideId "10218564"]
[BlackFideId "1106619"]
[EventDate "2023.07.30"]
[EventType "k.o."]

1. e4 e5 2. Nf3 Nf6 3. Nxe5 d6 4. Nf3 Nxe4 5. d4 d5 6. Bd3 Bf5 7. O-O Be7 8. Re1
O-O 9. c4 Nc6 10. Nc3 Nxc3 11. bxc3 Bxd3 12. Qxd3 dxc4 13. Qxc4 Bd6 14. Bg5 Qd7
15. Rab1 b6 16. a4 Na5 17. Qd3 Rfe8 18. Bd2 h6 19. Qb5 Qxb5 20. axb5 Rxe1+ 21.
Bxe1 Nc4 22. Nd2 Nxd2 23. Bxd2 a5 24. bxa6 Rxa6 25. Be3 Ra2 26. Kf1 f5 27. g3 g5
28. Kg2 Kf7 29. Kf3 Ke6 30. c4 Rc2 31. Rc1 g4+ 32. Kg2 Rxc1 33. Bxc1 h5 34. Kf1
b5 35. cxb5 Kd5 36. Be3 Ke4 37. Ke2 Bb4 38. d5 Kxd5 39. b6 cxb6 40. Bxb6 Ke4 41.
Be3 Bd6 42. Bb6 f4 43. Bd8 f3+ 1/2-1/2

[Event "FIDE World Cup Women 2023"]
[Site "Baku AZE"]
[Date "2023.07.31"]
[Round "1.2"]
[White "Fataliyeva, Ulviyya"]
[Black "Punsalan, Vyanla M"]
[Result "1-0"]
[WhiteTitle "IM"]
[BlackTitle "WFM"]
[WhiteElo "2401"]
[BlackElo "1989"]
[WhiteFideId "13403052"]
[BlackFideId "4305850"]
[EventDate "2023.07.30"]
[EventType "k.o."]

1. d4 Nf6 2. Nf3 c5 3. d5 d6 4. Nc3 g6 5. e4 Nbd7 6. a4 Bg7 7. h3 O-O 8. Bd3 a6
9. O-O Ne8 10. Bg5 Ne5 11. Nd2 h6 12. Bh4 g5 13. Bg3 Nxd3 14. cxd3 e5 15. Nc4
Nf6 16. a5 h5 17. f3 g4 18. fxg4 hxg4 19. Bh4 gxh3 20. Qf3 Bg4 21. Qg3 hxg2 22.
Rf2 Kh7 23. Bxf6 1-0

[Event "FIDE World Cup Women 2023"]
[Site "Baku AZE"]
[Date "2023.07.31"]
[Round "1.2"]
[White "Azhar, Puteri Munajjah Az-Zahraa"]
[Black "Divya, Deshmukh"]
[Result "1/2-1/2"]
[WhiteTitle "WIM"]
[BlackTitle "WGM"]
[WhiteElo "2004"]
[BlackElo "2400"]
[WhiteFideId "5709040"]
[BlackFideId "35006916"]
[EventDate "2023.07.30"]
[EventType "k.o."]

1. e4 c6 2. d4 d5 3. exd5 cxd5 4. Bd3 Nf6 5. c3 Nc6 6. Bf4 Bg4 7. f3 Bh5 8. Ne2
e6 9. Qb3 Qd7 10. Nd2 Bg6 11. Bb5 Bd6 12. Bxd6 Qxd6 13. c4 O-O 14. c5 Qc7 15.
Rc1 e5 16. Bxc6 bxc6 17. O-O Rfe8 18. Rfe1 e4 19. Ng3 Rab8 20. Qc3 exf3 21. Nxf3
Ne4 22. Nxe4 Bxe4 23. b3 Re6 24. Ng5 Rh6 25. Qg3 Qxg3 26. hxg3 f5 27. Kf2 a5 28.
Nf3 Rb4 29. Red1 Bxf3 30. Kxf3 Re6 31. Rd3 Re4 32. Rcd1 a4 33. bxa4 Rxa4 34. a3
Kf7 35. Rb1 Rexd4 36. Rxd4 Rxd4 37. Rb6 g5 38. Rxc6 Rd3+ 39. Kf2 Rxa3 40. Rd6
Ra2+ 41. Kf3 Rd2 42. c6 h5 43. c7 Rc2 44. Rxd5 Ke6 45. Rd8 Rxc7 46. Rh8 Rc2 47.
Rxh5 g4+ 48. Kf4 Rf2+ 49. Kg5 Rxg2 50. Rh1 Rf2 51. Re1+ Kd5 52. Re8 Kd4 53. Re7
Rf1 54. Re8 Rf3 55. Re7 Kd5 56. Re8 Kd6 57. Re1 Kd5 58. Re8 Rf1 59. Re7 Kd6 60.
Re2 Kd5 61. Re8 Rf2 62. Re7 Kd4 63. Re8 Rf3 64. Re7 Re3 65. Rf7 Ke4 66. Rxf5 Rf3
67. Ra5 Rxg3 68. Ra4+ Kf3 69. Rf4+ Kg2 70. Rxg4 Rxg4+ 71. Kxg4 1/2-1/2

[Event "FIDE World Cup Women 2023"]
[Site "Baku AZE"]
[Date "2023.07.31"]
[Round "1.2"]
[White "Badelka, Olga"]
[Black "Varela La Madrid, Tilsia Carolina"]
[Result "1-0"]
[WhiteTitle "IM"]
[BlackTitle "WIM"]
[WhiteElo "2397"]
[BlackElo "2028"]
[WhiteFideId "13509926"]
[BlackFideId "3903001"]
[EventDate "2023.07.30"]
[EventType "k.o."]

1. Nf3 d5 2. e3 Nf6 3. c4 c6 4. Nc3 e6 5. d4 Nbd7 6. Bd3 dxc4 7. Bxc4 b5 8. Bd3
Bb7 9. O-O a6 10. e4 c5 11. d5 Qc7 12. Qe2 Be7 13. Bg5 h6 14. Bh4 g5 15. Bg3 e5
16. b3 Bd6 17. Ne1 O-O 18. h4 Ne8 19. Qh5 f6 20. Qxh6 Rf7 21. hxg5 Rh7 22. Qg6+
Rg7 23. Qf5 Rxg5 24. Qe6+ Kf8 25. Nf3 Ng7 26. Nxg5 fxg5 27. Qg6 Be7 28. Be2 Kg8
29. Bg4 Nf8 30. Be6+ Nxe6 31. dxe6 Rf8 32. Nd5 Bxd5 33. exd5 Qd6 34. Qe4 Rf5 35.
Rfe1 Bd8 36. Bxe5 1-0

[Event "FIDE World Cup Women 2023"]
[Site "Baku AZE"]
[Date "2023.07.31"]
[Round "1.2"]
[White "Asgharzadeh, Mitra"]
[Black "Kiolbasa, Oliwia"]
[Result "1/2-1/2"]
[WhiteTitle "WFM"]
[BlackTitle "IM"]
[WhiteElo "2033"]
[BlackElo "2394"]
[WhiteFideId "12583111"]
[BlackFideId "1154613"]
[EventDate "2023.07.30"]
[EventType "k.o."]

1. Nf3 Nf6 2. g3 e6 3. Bg2 d5 4. O-O b5 5. d3 Bb7 6. Nbd2 Nbd7 7. Re1 Be7 8. e4
dxe4 9. dxe4 e5 10. b3 O-O 11. Bb2 Bd6 12. a4 a6 13. Qe2 Bc6 14. Qe3 Re8 15. Qc3
Bb7 16. axb5 axb5 17. Bf1 Rxa1 18. Bxa1 b4 19. Qc4 Qa8 20. c3 Qa5 21. Qb5 Qb6
22. Qxb6 Nxb6 23. cxb4 Bxb4 24. Rc1 Nxe4 25. Rxc7 Nc5 26. Bc3 Bxc3 27. Rxc5 Bxd2
28. Nxd2 Re7 29. Rb5 Nc8 30. Nc4 f6 31. Na5 Bf3 32. Rb8 Rc7 33. Nc4 Bg4 34. Nd6
Rc6 35. f3 Be6 36. Bc4 Rxd6 37. Rxc8+ Kf7 38. Rc7+ Kg6 39. Bxe6 Rxe6 40. Rb7 Rc6 1/2-1/2

[Event "FIDE World Cup Women 2023"]
[Site "Baku AZE"]
[Date "2023.07.31"]
[Round "1.2"]
[White "Milliet, Sophie"]
[Black "Nassr, Lina"]
[Result "1-0"]
[WhiteTitle "IM"]
[BlackTitle "WIM"]
[WhiteElo "2388"]
[BlackElo "2071"]
[WhiteFideId "623725"]
[BlackFideId "7908075"]
[EventDate "2023.07.30"]
[EventType "k.o."]

1. d4 d5 2. c4 e6 3. Nf3 Nf6 4. g3 Bb4+ 5. Bd2 Bd6 6. Bg2 O-O 7. O-O Ne4 8. c5
Be7 9. Nc3 c6 10. Qc2 Nxd2 11. Qxd2 Nd7 12. b4 Qc7 13. e4 a5 14. a3 b5 15. Qe3
Re8 16. h4 Bb7 17. e5 f6 18. Bh3 Nf8 19. exf6 Bxf6 20. Ne5 g6 21. Ne2 Qg7 22.
Nf4 Re7 23. Rfe1 Bxe5 24. dxe5 Bc8 25. a4 bxa4 26. Rxa4 Rea7 27. Qd4 Qe7 28. Rb1
axb4 29. Raxb4 Qc7 30. h5 g5 31. Ng2 Qf7 32. Qg4 h6 33. Rf4 Qg7 34. Rf6 Rf7 35.
Rxf7 Qxf7 36. Qe2 Qa7 37. Ne3 Qxc5 38. Ng4 Kg7 39. Qf3 Qe7 40. Rc1 Bb7 41. Rb1
Ba6 42. Rb6 Bb5 43. Qf6+ Qxf6 44. exf6+ Kh8 45. Rb7 Nh7 46. Ne5 g4 47. Ng6+ Kg8
48. Rg7# 1-0

[Event "FIDE World Cup Women 2023"]
[Site "Baku AZE"]
[Date "2023.07.31"]
[Round "1.2"]
[White "Wafa, Shahenda"]
[Black "Narva, Mai"]
[Result "1/2-1/2"]
[WhiteTitle "WGM"]
[BlackTitle "IM"]
[WhiteElo "2093"]
[BlackElo "2387"]
[WhiteFideId "10609962"]
[BlackFideId "4500512"]
[EventDate "2023.07.30"]
[EventType "k.o."]

1. e4 c5 2. Nf3 e6 3. d4 cxd4 4. Nxd4 Nf6 5. Nc3 Nc6 6. Nxc6 bxc6 7. e5 Nd5 8.
Ne4 c5 9. Be2 Bb7 10. O-O Qc7 11. f4 c4 12. Kh1 Rc8 13. b3 c3 14. a4 Be7 15. Qd4
Qb6 16. Qxb6 axb6 17. Bf3 f5 18. exf6 gxf6 19. f5 h5 20. fxe6 dxe6 21. Nxf6+
Bxf6 22. Bxd5 Bxd5 23. Rxf6 Rg8 24. Rf2 Kd7 25. Kg1 h4 26. Be3 Rg4 27. Bf4 Bxg2
28. Rxg2 Rxf4 29. Rd1+ Ke7 30. Rd3 Rcf8 31. Rg7+ Kf6 32. Rg2 Ke7 33. Rg7+ Kf6
34. Rg2 Ke5 1/2-1/2

[Event "FIDE World Cup Women 2023"]
[Site "Baku AZE"]
[Date "2023.07.31"]
[Round "1.2"]
[White "Serikbay, Assel"]
[Black "Guichard, Pauline"]
[Result "1-0"]
[WhiteTitle "WIM"]
[BlackTitle "IM"]
[WhiteElo "2139"]
[BlackElo "2384"]
[WhiteFideId "13706799"]
[BlackFideId "639370"]
[EventDate "2023.07.30"]
[EventType "k.o."]

1. e4 e5 2. Nf3 Nc6 3. Bb5 Nf6 4. d3 Bc5 5. Bxc6 dxc6 6. O-O Bg4 7. h3 Bh5 8.
Nbd2 Qe7 9. c3 O-O-O 10. b4 Bb6 11. a4 a6 12. Qc2 g5 13. b5 g4 14. hxg4 Bxg4 15.
a5 Ba7 16. bxc6 Rhg8 17. Qb3 bxc6 18. Ba3 Qe8 19. Rfb1 Bh3 20. Kf1 Rxg2 21. Qb7+
Kd7 22. Qxa7 Ng4 23. Rb7 Rc8 24. Ke1 Nxf2 25. Qxa6 Qe6 26. Bc5 Ra8 27. Qxa8
Nxd3+ 28. Kd1 Nxc5 29. Rb8 Qe7 30. Nxe5+ Qxe5 31. Rd8+ Ke7 32. Re8+ Kf6 33. Qd8+
Kg7 34. Rxe5 1-0

[Event "FIDE World Cup Women 2023"]
[Site "Baku AZE"]
[Date "2023.07.31"]
[Round "1.2"]
[White "Melia, Salome"]
[Black "Librelato, Kathie Goulart"]
[Result "1-0"]
[WhiteTitle "IM"]
[BlackTitle "WIM"]
[WhiteElo "2377"]
[BlackElo "2182"]
[WhiteFideId "13602446"]
[BlackFideId "2153963"]
[EventDate "2023.07.30"]
[EventType "k.o."]

1. e4 e5 2. Nf3 Nc6 3. Bb5 a6 4. Ba4 d6 5. Bxc6+ bxc6 6. d4 exd4 7. Nxd4 c5 8.
Nf3 Bb7 9. O-O Nf6 10. Re1 Be7 11. Nc3 O-O 12. Qd3 Re8 13. Bf4 Nd7 14. Nd5 Bf6
15. c3 h6 16. Rad1 Bc6 17. h3 a5 18. Qc2 Ra7 19. Nd2 Qa8 20. Nxf6+ Nxf6 21. f3
Re6 22. Nc4 Qe8 23. Qf2 Ra8 24. e5 Nh5 25. Bh2 Bb5 26. Na3 dxe5 27. Qxc5 Ba4 28.
b3 Bc6 29. Rxe5 Rxe5 30. Bxe5 a4 31. Bxc7 axb3 32. axb3 Nf6 33. Nc4 Qe2 34. Rd8+
Rxd8 35. Bxd8 Bxf3 36. gxf3 Qd1+ 37. Kg2 Qxd8 38. Nd6 Qe7 39. Ne4 Qe6 40. Nxf6+
Qxf6 41. b4 Qg6+ 42. Kf2 Qc2+ 43. Ke3 Qc1+ 44. Kd4 Qf4+ 45. Kd5 Qxf3+ 46. Kd6
Qd3+ 47. Ke7 Qe4+ 48. Kd8 f5 49. b5 f4 50. b6 f3 51. c4 Qh4+ 52. Ke8 Qe1+ 53.
Kd7 f2 54. Qd5+ Kh8 55. b7 Qb1 56. Kc7 f1=Q 57. b8=Q+ Qxb8+ 58. Kxb8 Qxh3 59. c5
Qh2+ 60. Ka8 Qc7 61. Qd6 Qa5+ 62. Kb7 Qb5+ 63. Kc7 Kh7 64. c6 h5 65. Kd8 Qg5+
66. Ke8 Qb5 67. Kd8 Qg5+ 68. Kc8 Qf5+ 69. Qd7 Qf8+ 70. Qd8 Qf5+ 71. Kb7 Qb5+ 72.
Qb6 Qd5 73. Ka7 Qa2+ 74. Kb8 Qg8+ 75. Kb7 Qd5 76. Qb1+ Kh6 77. Qb4 Kh7 78. Kb6
Qe6 79. Qb5 Kh6 80. Kb7 Qe4 81. Ka7 Qe3+ 82. Qb6 Qa3+ 83. Kb7 Qf3 84. Qd4 Kh7
85. Qc5 h4 86. Ka7 h3 87. c7 Qf7 88. Qc2+ g6 89. Kb8 Qf4 90. Ka7 Qf7 91. Qc3 Qd7
92. Kb6 Qd6+ 93. Kb7 Qd7 94. Qe5 Qf7 95. Kc6 Qc4+ 96. Kd6 Qd3+ 97. Ke7 Qa3+ 98.
Ke8 Qa8+ 99. Kf7 Qa2+ 100. Kf6 Qa6+ 101. Kg5 Qc8 102. Qe7+ Kg8 103. Qd8+ 1-0

[Event "FIDE World Cup Women 2023"]
[Site "Baku AZE"]
[Date "2023.07.31"]
[Round "1.2"]
[White "Yuan, Ye"]
[Black "Munguntuul, Batkhuyag"]
[Result "1/2-1/2"]
[BlackTitle "IM"]
[WhiteElo "2188"]
[BlackElo "2374"]
[WhiteFideId "8608415"]
[BlackFideId "4900758"]
[EventDate "2023.07.30"]
[EventType "k.o."]

1. d4 d5 2. c4 c6 3. Nf3 Nf6 4. Nc3 e6 5. e3 Nbd7 6. Qc2 Bd6 7. Rg1 h6 8. g4 e5
9. Be2 e4 10. Nd2 Bxh2 11. Rh1 Qc7 12. Nf1 Bd6 13. cxd5 cxd5 14. g5 Nh7 15. gxh6
Nhf6 16. Qb3 Rxh6 17. Rxh6 gxh6 18. Nb5 Qb8 19. Bd2 a6 20. Nxd6+ Qxd6 21. Bb4
Qc7 22. Qa3 Nb8 23. Bd6 Qd8 24. Ng3 Nc6 25. O-O-O Be6 26. Rh1 Ng8 27. Nh5 Qa5
28. Qb3 O-O-O 29. Bc5 Kc7 30. Kb1 b6 31. Ba3 Kb7 32. Rc1 Nge7 33. Nf4 Rc8 34.
Rc3 Ng6 35. Ng2 b5 36. Rc5 Na7 37. Bb4 Qb6 38. a4 bxa4 39. Qxa4 Rxc5 40. Bxc5
Qc6 41. Qb4+ Nb5 42. Ne1 Qd7 43. Qb3 Kc8 44. Kc1 Nh4 45. Qa2 Nc7 46. Nc2 Bg4 47.
Bf1 Bh3 48. Bxa6+ Nxa6 49. Qxa6+ Qb7 50. Qxh6 Qb5 51. Qf8+ Kb7 52. Qxf7+ Kc8 53.
b4 Qd7 54. Qg8+ Kb7 55. Qf8 Nf3 56. Bd6 Qc8 57. Qf7+ Kc6 58. Bc5 Qd7 59. Qf6+
Be6 60. Qf8 Kb7 61. Qf6 Qf7 62. Qh6 Ng1 63. b5 Nh3 64. Qh4 Nxf2 65. Qd8 Nd3+ 66.
Kd2 Qc7 67. Qf6 Qa5+ 68. Bb4 Nxb4 69. Qe7+ Bd7 70. Nxb4 Qxb5 71. Qc5 Bc6 72.
Qxb5+ Bxb5 73. Nxd5 Kc6 74. Nc3 Bd3 75. Ke1 Kd6 76. Kf2 Ke6 77. Kg3 Kf5 78. Na4
Bb5 79. Nc5 Bc6 80. Kf2 Kg5 81. Ke1 Kf6 82. Kd2 Ke7 83. Kc3 Kd6 84. Na6 Bb5 85.
Nb4 Ke6 86. Nc2 Bd3 87. Ne1 Bf1 88. Kb4 Kd5 89. Nc2 Bd3 90. Na3 Bf1 91. Nb5 Bd3
92. Nc3+ Kc6 93. Ka5 Bc2 94. Na2 Bd3 95. Nb4+ Kb7 96. Ka4 Bc4 97. Ka3 Kc7 98.
Kb2 Kd6 99. Kc3 Bb5 100. Nc2 Bd3 101. Na3 Kd5 102. Kb4 Bf1 103. Nb5 Kc6 104. Nc3
Bd3 105. Nd1 Be2 106. Nf2 Kd5 107. Nh3 Bf1 108. Nf4+ Kc6 109. Kc3 Kd6 110. Kd2
Bc4 111. Ke1 Ke7 112. Kf2 Kf6 113. Nh5+ Kg5 114. Ng3 Bd3 115. Nf1 Kf5 116. Nd2
Kg4 117. Nb3 Bc4 118. Nc5 Kf5 119. Ke1 Bd5 120. Kd2 Kf6 121. Na6 Bc4 122. Nc7
Ke7 123. Kc3 Bd3 124. Nd5+ Kd6 1/2-1/2

[Event "FIDE World Cup Women 2023"]
[Site "Baku AZE"]
[Date "2023.07.31"]
[Round "1.2"]
[White "Tsolakidou, Stavroula"]
[Black "Borda Rodas, Anapaola S."]
[Result "1/2-1/2"]
[WhiteTitle "IM"]
[BlackTitle "WIM"]
[WhiteElo "2373"]
[BlackElo "2200"]
[WhiteFideId "4264312"]
[BlackFideId "152781"]
[EventDate "2023.07.30"]
[EventType "k.o."]

1. d4 Nf6 2. c4 e6 3. g3 d5 4. Bg2 Bb4+ 5. Nd2 O-O 6. Nf3 dxc4 7. Qc2 a5 8. a3
Bxd2+ 9. Bxd2 b5 10. b3 Bb7 11. bxc4 Be4 12. Qb3 Nc6 13. e3 b4 14. axb4 axb4 15.
O-O Qb8 16. Ne5 Nxe5 17. dxe5 Bxg2 18. Kxg2 Nd7 19. Qxb4 Nxe5 20. Qb5 Rd8 21.
Ba5 Qxb5 22. cxb5 Ra7 23. b6 cxb6 24. Bxb6 Rxa1 25. Rxa1 Rc8 26. Bd4 Nc4 27. Kf3
e5 28. Bc3 f6 29. e4 Nd6 30. Bb4 Nb5 31. Bd2 Rc2 32. Be3 Rc4 33. Rd1 Kf7 34.
Rd7+ Kg6 35. h4 h5 36. Rd5 Rb4 37. Rd3 Kh7 38. Bd2 Nd4+ 39. Kg2 Ra4 40. Be3 Nc2
41. Rc3 Nxe3+ 42. Rxe3 g5 43. hxg5 fxg5 44. Re2 g4 45. Re1 Kg6 46. Kh2 Kf6 47.
Kg2 Kg5 48. Re2 h4 49. gxh4+ Kxh4 50. f3 Ra3 51. Rf2 Re3 52. fxg4 Kxg4 53. Ra2
Rxe4 54. Kf2 Kf4 55. Ra3 Rb4 56. Ke2 Rb2+ 57. Ke1 e4 58. Rc3 Ke5 59. Ra3 Rh2 60.
Rb3 Kd5 61. Ra3 Rc2 62. Ra5+ Kd4 63. Ra4+ Ke5 64. Ra3 Kf4 65. Rb3 e3 66. Rb8 Kf3 1/2-1/2

[Event "FIDE World Cup Women 2023"]
[Site "Baku AZE"]
[Date "2023.07.31"]
[Round "1.2"]
[White "Ouellet, Maili-Jade"]
[Black "Xiao, Yiyi"]
[Result "1-0"]
[WhiteTitle "WGM"]
[BlackTitle "WGM"]
[WhiteElo "2201"]
[BlackElo "2372"]
[WhiteFideId "2620472"]
[BlackFideId "8606161"]
[EventDate "2023.07.30"]
[EventType "k.o."]

1. d4 d6 2. Nf3 Nf6 3. c4 Nbd7 4. Nc3 e5 5. e4 Be7 6. Be2 O-O 7. O-O c6 8. Qc2
a6 9. Rd1 Qc7 10. Be3 Ng4 11. Bc1 Ngf6 12. Be3 Qb8 13. h3 b5 14. a3 Bb7 15. b4
exd4 16. Nxd4 g6 17. Nb3 Re8 18. Na5 Bf8 19. Bf4 Ne5 20. Rd2 Qc8 21. Rad1 Rb8
22. Bg5 Qe6 23. f4 Ned7 24. Bf3 Ba8 25. Re2 Rbc8 26. e5 dxe5 27. Bxf6 Nxf6 28.
Rxe5 Qxe5 29. fxe5 Rxe5 30. Qd2 c5 31. Bxa8 Rxa8 32. Nd5 Ne4 33. Qf4 Rae8 34.
Nc6 R5e6 35. cxb5 Bd6 36. Qxe4 1-0

[Event "FIDE World Cup Women 2023"]
[Site "Baku AZE"]
[Date "2023.07.31"]
[Round "1.2"]
[White "Bivol, Alina"]
[Black "Zhang, Jilin"]
[Result "1-0"]
[WhiteTitle "IM"]
[BlackTitle "WGM"]
[WhiteElo "2371"]
[BlackElo "2204"]
[WhiteFideId "4100123"]
[BlackFideId "8602867"]
[EventDate "2023.07.30"]
[EventType "k.o."]

1. e4 c5 2. Nf3 e6 3. d4 cxd4 4. Nxd4 a6 5. Bd3 Nf6 6. O-O d6 7. c4 b6 8. Nc3
Bb7 9. f4 Be7 10. Be3 h5 11. h3 Nbd7 12. b4 Rc8 13. Rc1 h4 14. f5 e5 15. Nf3 Nh5
16. Qd2 Ng3 17. Rfe1 O-O 18. Nd5 Bxd5 19. cxd5 Rxc1 20. Rxc1 a5 21. a3 axb4 22.
axb4 Nf6 23. Qc2 Qa8 24. Bg5 Qa3 25. Bxh4 Ngh5 26. Qc3 Qa2 27. Ra1 1-0

[Event "FIDE World Cup Women 2023"]
[Site "Baku AZE"]
[Date "2023.07.31"]
[Round "1.2"]
[White "Alboredo, Julia"]
[Black "Cori T., Deysi"]
[Result "0-1"]
[WhiteTitle "FM"]
[BlackTitle "IM"]
[WhiteElo "2208"]
[BlackElo "2369"]
[WhiteFideId "2124807"]
[BlackFideId "3801934"]
[EventDate "2023.07.30"]
[EventType "k.o."]

1. e4 g6 2. d4 Bg7 3. Nf3 d6 4. Be2 b6 5. O-O Bb7 6. d5 c6 7. c4 Nd7 8. Re1 Ngf6
9. Nc3 O-O 10. h3 a6 11. Bf1 Rc8 12. Be3 h6 13. Rc1 Ne8 14. Qd2 Kh7 15. Nh2 cxd5
16. exd5 f5 17. f4 Bxc3 18. Rxc3 Nef6 19. Bd3 b5 20. b3 bxc4 21. bxc4 Qc7 22.
Rcc1 Nc5 23. Bxc5 Qxc5+ 24. Qf2 Rf7 25. Qxc5 Rxc5 26. Rb1 Bc8 27. Kf2 Ne4+ 28.
Ke3 e6 29. Rec1 exd5 30. cxd5 Nc3 31. Rxc3 Rxc3 32. Rb6 Ra3 33. Rxd6 Rd7 34.
Rxd7+ Bxd7 35. Kd4 Kg7 36. Bc4 Rg3 37. Nf3 Kf6 38. Bxa6 Rxg2 39. Bc4 Rf2 40. Ke3
Rb2 41. h4 Rb4 42. Ne5 Bb5 43. Bb3 g5 44. hxg5+ hxg5 45. Nf3 Re4+ 46. Kf2 g4 47.
Nh4 Rxf4+ 48. Kg3 Rd4 0-1

[Event "FIDE World Cup Women 2023"]
[Site "Baku AZE"]
[Date "2023.07.31"]
[Round "1.2"]
[White "Yip, Carissa"]
[Black "Campos, Maria Jose"]
[Result "1-0"]
[WhiteTitle "IM"]
[BlackTitle "WIM"]
[WhiteElo "2369"]
[BlackElo "2212"]
[WhiteFideId "2090732"]
[BlackFideId "146803"]
[EventDate "2023.07.30"]
[EventType "k.o."]

1. Nf3 d5 2. g3 Nd7 3. d4 Nb6 4. Bg2 Nf6 5. b3 Bf5 6. Ba3 g6 7. c4 c6 8. Nbd2
Bg7 9. Rc1 O-O 10. O-O Re8 11. e3 Nbd7 12. Bb2 a5 13. Ne5 e6 14. Nxd7 Nxd7 15.
Qe2 h5 16. e4 dxe4 17. Nxe4 Qc7 18. Nc3 Rad8 19. Rcd1 e5 20. d5 e4 21. Qd2 Nc5
22. Ba3 Bf8 23. Qe3 b6 24. dxc6 Qxc6 25. Nd5 Kh7 26. Bb2 Nd7 27. Qd4 Bh6 28.
Rde1 Qc5 29. Re2 Re6 30. Rfe1 Qxd4 31. Bxd4 Nc5 32. Bxc5 bxc5 33. Bxe4 Bg4 34.
f3 Bh3 35. Nc7 Rf6 36. Bd5 Rd7 37. Ne8 Rb6 38. Re7 Bg7 39. Nxg7 Kxg7 40. Rxd7
Bxd7 41. Re7 Be6 42. Bxe6 Rxe6 43. Rxe6 fxe6 44. Kf2 Kf6 45. Ke3 Kf5 46. h3 Ke5
47. g4 h4 48. f4+ Kf6 49. Ke4 Kf7 50. Ke5 Ke7 51. g5 1-0

[Event "FIDE World Cup Women 2023"]
[Site "Baku AZE"]
[Date "2023.07.31"]
[Round "1.2"]
[White "Gong, Qianyun"]
[Black "Balajayeva, Khanim"]
[Result "1-0"]
[WhiteTitle "WGM"]
[BlackTitle "WGM"]
[WhiteElo "2223"]
[BlackElo "2368"]
[WhiteFideId "8602425"]
[BlackFideId "13406396"]
[EventDate "2023.07.30"]
[EventType "k.o."]

1. e4 e5 2. Nf3 Nc6 3. Bc4 Nf6 4. d3 Bc5 5. Bg5 h6 6. Bh4 d6 7. c3 a5 8. a4 Ba7
9. O-O g5 10. Bg3 O-O 11. Re1 Nh7 12. Nbd2 h5 13. h4 g4 14. Nh2 Ne7 15. Ndf1 Ng6
16. Qd2 Kg7 17. d4 Nxh4 18. Ne3 Qg5 19. Rad1 Ng6 20. Nf5+ Bxf5 21. Qxg5 Nxg5 22.
exf5 Ne7 23. f6+ Kxf6 24. dxe5+ dxe5 25. Bxe5+ Kg6 26. Bxc7 Nf5 27. Bd3 Ne6 28.
Bd6 Rfd8 29. Nf1 Kf6 30. Be5+ Kg5 31. Ng3 Nxg3 32. Bxg3 Bb8 33. Bxb8 Rdxb8 34.
Re5+ Kh6 35. Bc4 Re8 36. Rd6 Kg7 37. Bxe6 fxe6 38. Rexe6 Rxe6 39. Rxe6 Rc8 40.
Re7+ Kg6 41. Rxb7 Rc4 42. Rb6+ Kg7 43. Rb5 Rxa4 44. Rxh5 Kf6 45. Kh2 Ra1 46. Kg3
a4 47. Ra5 Ra2 48. Rb5 a3 49. bxa3 Rxa3 50. Kxg4 Rxc3 51. Rb6+ Kg7 52. f4 Rc2
53. g3 Rc3 54. Kh4 Rf3 55. Rb4 1-0

[Event "FIDE World Cup Women 2023"]
[Site "Baku AZE"]
[Date "2023.07.31"]
[Round "1.2"]
[White "Buksa, Nataliya"]
[Black "Munkhzul, Turmunkh"]
[Result "1/2-1/2"]
[WhiteTitle "IM"]
[BlackTitle "WGM"]
[WhiteElo "2365"]
[BlackElo "2226"]
[WhiteFideId "14123622"]
[BlackFideId "4901878"]
[EventDate "2023.07.30"]
[EventType "k.o."]

1. e4 e5 2. Nf3 Nf6 3. Nxe5 d6 4. Nf3 Nxe4 5. d4 d5 6. Bd3 Nc6 7. O-O Be7 8.
Nbd2 Nxd2 9. Bxd2 Bg4 10. c3 O-O 11. h3 Bh5 12. g3 Qd7 13. Kg2 Bg6 14. Bf4 Bd6
15. Bxg6 hxg6 16. Bxd6 Qxd6 17. Qd3 Rfe8 18. h4 Qd7 19. Rae1 a6 20. Qd1 b5 21.
a4 Rxe1 22. Rxe1 Re8 23. Rh1 Qf5 24. axb5 axb5 25. Qb3 Rb8 26. Ra1 Nd8 27. Re1
Ne6 28. Ne5 g5 29. h5 g4 30. Qxd5 Qxh5 31. Qe4 Qh3+ 32. Kg1 Ng5 33. Qf5 Qh5 34.
Kf1 f6 35. Nxg4 Qh3+ 36. Kg1 Qh5 37. Kf1 Qh3+ 38. Ke2 Re8+ 39. Kd2 Rxe1 40. Kxe1
Qh1+ 41. Ke2 Qc1 42. Qd5+ Kh8 43. Qb3 Nh3 44. Ne3 Ng1+ 45. Kd3 Qe1 46. Qc2 Nh3
47. Nd1 Qxd1+ 48. Qxd1 Nxf2+ 49. Ke2 Nxd1 50. Kxd1 Kg8 51. d5 Kf7 52. Kd2 Ke7
53. Ke3 Kd6 54. Kd4 f5 55. b3 g5 56. c4 bxc4 57. bxc4 c5+ 58. dxc6 Kxc6 59. c5
f4 60. gxf4 gxf4 1/2-1/2